Renting homes (Record no. 105411)

MARC details
000 -LEADER
fixed length control field 01635cam a2200265 4500
001 - CONTROL NUMBER
control field ##L133508
008 - FIXED-LENGTH DATA ELEMENTS--GENERAL INFORMATION
fixed length control field 110801s2006 000 0 eng u
035 ## - SYSTEM CONTROL NUMBER
System control number (Sirsi) u133508
041 0# - LANGUAGE CODE
Language code of text/sound track or separate title eng
050 04 - LIBRARY OF CONGRESS CALL NUMBER
Classification number 346.4104346 $2 22
110 1# - MAIN ENTRY--CORPORATE NAME
Corporate name or jurisdiction name as entry element England and Wales
Subordinate unit Law Commission
9 (RLIN) 3302
245 00 - TITLE STATEMENT
Title Renting homes
Remainder of title the final report
260 ## - PUBLICATION, DISTRIBUTION, ETC.
Place of publication, distribution, etc. London
Name of publisher, distributor, etc. Law Commission
Date of publication, distribution, etc. 2006
490 #0 - SERIES STATEMENT
Series statement Law Commission Report
Volume/sequential designation 297
490 #0 - SERIES STATEMENT
Series statement Cm
Volume/sequential designation 6781
520 ## - SUMMARY, ETC.
Summary, etc. This report is part of a Law Commission project to modernise and simplify the law on housing tenure and to replace the current, irrationally complicated law governing the relationship between those renting their homes and their landlords with a understandable and just legal structure. It recommends a simple system of secure and standard contracts in place of the existing multiplicity of tenancy and licence types. It allows for the abolition of secure tenancies, assured tenancies, assured shorthold tenancies, introductory and demoted tenancies and various varieties of common law tenancies. Rent Act tenancies would be the only major existing form of tenancy not to be abolished. Volume 2 contains the draft Rented Homes Bill.
590 ## - LOCAL NOTE (RLIN)
Local note IKA230506 NTK, KA
650 24 - SUBJECT ADDED ENTRY--TOPICAL TERM
Topical term or geographic name entry element ASSURED TENANCIES
650 24 - SUBJECT ADDED ENTRY--TOPICAL TERM
Topical term or geographic name entry element ASSURED SHORTHOLD TENANCIES
650 24 - SUBJECT ADDED ENTRY--TOPICAL TERM
Topical term or geographic name entry element RENTED HOMES BILL
651 #4 - SUBJECT ADDED ENTRY--GEOGRAPHIC NAME
Geographic name England and Wales
Chronological subdivision 1543-
690 ## - LOCAL SUBJECT ADDED ENTRY--TOPICAL TERM (OCLC, RLIN)
Topical term or geographic name as entry element PROPERTY-RESIDENTIAL PROPERTY-RESIDENTIAL LANDLORD AND TENANT-RESIDENTIAL TENANCIES
856 48 - ELECTRONIC LOCATION AND ACCESS
Uniform Resource Identifier <a href="https://www.official-documents.gov.uk/document/cm67/6781/6781.pdf">https://www.official-documents.gov.uk/document/cm67/6781/6781.pdf</a>
Public note View the report free of charge at www.official-documents.gov.uk
942 ## - ADDED ENTRY ELEMENTS (KOHA)
Suppress in OPAC 0
Holdings
Withdrawn status Lost status Source of classification or shelving scheme Damaged status Not for loan Home library Current library Shelving location Date acquired Total Checkouts Full call number Barcode Date last seen Copy number Price effective from Koha item type
    Dewey Decimal Classification     Virtual Virtual Online 15/05/2006   ONLINE PUBLICATION 133508-2001 06/08/2019 1 06/08/2019 Book